00686 a2200169 4500020001500000040001300015100002600028245011600054250001200170260004900182300001900231650004300250700002200293942002600315999001500341952016000356 a0201596199 aDLCbDLC1 aIfeachor, Emmanuel C.10aDigital signal processing: a practical approach ba practical approach cEmmanuel C. Ifeachor, Barrie W. Jervis a2nd Ed. aHarlow, England :bPearson Education,c2002. a933 p. :bill. 0aSignal processingxDigital techniques.1 aJervis, Barrie W. cBKk621.3822 IFE2ddc c9855d9855 001040708NFICaCLbCLcGENd2007-06-01eAllied Book Companyg324.00l4m1o621.3822 IFEpSEECS008540q2026-02-06r2025-09-25s2025-09-25w2017-01-05yBK